[Event "Varna op 7th"]
[Site "Varna"]
[Date "2013.06.21"]
[Round "3"]
[White "Mekhitarian, Krikor Sevag"]
[Black "Banov, Boil"]
[Result "1-0"]
[WhiteElo "2544"]
[BlackElo "2165"]
[PlyCount "72"]
[EventDate "2013.06.19"]
[EventType "swiss"]
[EventRounds "9"]
[EventCountry "BUL"]
[SourceTitle "CBM 155 Extra"]
[Source "ChessBase"]
[SourceDate "2013.08.26"]
[SourceVersion "1"]
[SourceVersionDate "2013.08.26"]
[SourceQuality "1"]

1. e4 c6 2. d4 d5 3. e5 c5 4. dxc5 Nc6 5. Nf3 Bg4 6. c3 e6 7. Be3 Bxf3 8. Qxf3
Nxe5 9. Bb5+ Nc6 10. c4 a6 11. Ba4 Qf6 12. Nd2 Qxf3 13. Nxf3 Nf6 14. Rc1 Be7
15. O-O O-O 16. a3 Rfd8 17. cxd5 Nxd5 18. Bd2 Bf6 19. Rc2 h6 20. Re1 Rac8 21.
Re4 Nde7 22. g4 Rd3 23. Re3 Rcd8 24. Kf1 Ng6 25. h3 Kf8 26. b4 e5 27. Bc1 Nf4
28. Rc4 Nxh3 29. Bc2 Rxe3 30. fxe3 Ng5 31. Nd2 g6 32. Ke2 Re8 33. Ne4 Nxe4 34.
Bxe4 Bg5 35. a4 Ke7 36. b5 Nd8 1-0

[Event "Varna op 7th"]
[Site "Varna"]
[Date "2013.06.22"]
[Round "4"]
[White "Vedmediuc, Serghei"]
[Black "Mekhitarian, Krikor Sevag"]
[Result "0-1"]
[WhiteElo "2460"]
[BlackElo "2544"]
[PlyCount "36"]
[EventDate "2013.06.19"]
[EventType "swiss"]
[EventRounds "9"]
[EventCountry "BUL"]
[SourceTitle "CBM 155 Extra"]
[Source "ChessBase"]
[SourceDate "2013.08.26"]
[SourceVersion "1"]
[SourceVersionDate "2013.08.26"]
[SourceQuality "1"]

1. e4 d6 2. d4 Nf6 3. Nc3 g6 4. Nf3 Bg7 5. Be2 O-O 6. O-O b6 7. e5 Nfd7 8. Bf4
Bb7 9. Bc4 dxe5 10. dxe5 Nc5 11. Qe2 Ne6 12. Be3 Qc8 13. Nd5 Nc6 14. Bb5 Re8
15. Qc4 Na5 16. Bxe8 Nxc4 17. Nxe7+ Kf8 18. Nxc8 Kxe8 0-1

[Event "Varna op 7th"]
[Site "Varna"]
[Date "2013.06.25"]
[Round "7"]
[White "Mekhitarian, Krikor Sevag"]
[Black "Arnaudov, Petar G"]
[Result "1/2-1/2"]
[WhiteElo "2544"]
[BlackElo "2490"]
[PlyCount "59"]
[EventDate "2013.06.19"]
[EventType "swiss"]
[EventRounds "9"]
[EventCountry "BUL"]
[SourceTitle "CBM 155 Extra"]
[Source "ChessBase"]
[SourceDate "2013.08.26"]
[SourceVersion "1"]
[SourceVersionDate "2013.08.26"]
[SourceQuality "1"]

1. e4 e5 2. Nf3 Nc6 3. Bb5 a6 4. Ba4 Nf6 5. O-O Be7 6. Re1 b5 7. Bb3 d6 8. c3
O-O 9. h3 Nb8 10. d4 Nbd7 11. Nbd2 Bb7 12. Bc2 Re8 13. a4 c5 14. d5 c4 15. b3
cxb3 16. Nxb3 Qc7 17. Bd2 bxa4 18. Rxa4 Nb6 19. Ra1 Nc4 20. Bd3 Nb2 21. Qc2
Nxd3 22. Qxd3 Rec8 23. Na5 Nd7 24. Reb1 Nc5 25. Qc4 Qd7 26. Be3 Rab8 27. Nxb7
Rxb7 28. Bxc5 Rb5 29. Qd3 Rbxc5 30. Qxa6 1/2-1/2

[Event "Varna op 7th"]
[Site "Varna"]
[Date "2013.06.26"]
[Round "8"]
[White "Dimitrov, Radoslav"]
[Black "Mekhitarian, Krikor Sevag"]
[Result "0-1"]
[WhiteElo "2429"]
[BlackElo "2544"]
[PlyCount "188"]
[EventDate "2013.06.19"]
[EventType "swiss"]
[EventRounds "9"]
[EventCountry "BUL"]
[SourceTitle "CBM 155 Extra"]
[Source "ChessBase"]
[SourceDate "2013.08.26"]
[SourceVersion "1"]
[SourceVersionDate "2013.08.26"]
[SourceQuality "1"]

1. d4 Nf6 2. c4 e6 3. Nc3 Bb4 4. a3 Bxc3+ 5. bxc3 b6 6. f3 Nc6 7. e4 Ba6 8. Bd3
Na5 9. Qe2 c5 10. Be3 O-O 11. Nh3 cxd4 12. cxd4 d6 13. O-O Rc8 14. Rac1 e5 15.
d5 Nd7 16. Qa2 Nc5 17. Be2 Qd7 18. Rc3 Rc7 19. Nf2 Rfc8 20. Rfc1 Qa4 21. Bd1
Qe8 22. Be2 Qe7 23. Nd1 Rf8 24. Nf2 Bc8 25. Nd3 Na4 26. R3c2 Bd7 27. f4 exf4
28. Bxf4 f6 29. Bf3 Nb7 30. Re2 Nac5 31. Nf2 Nd8 32. Qc2 Nf7 33. Bg4 Rfc8 34.
Re3 Ne5 35. Bf5 Nb7 36. Bxe5 dxe5 37. Bxd7 Qxd7 38. Qe2 Nd6 39. Rec3 Nb5 40.
Rh3 Nd4 41. Qa2 h6 42. Rhc3 Kh7 43. h3 Nb5 44. R3c2 Nd4 45. Rc3 Nb5 46. R3c2
Nd6 47. Qb3 Nb7 48. Ng4 Na5 49. Qb4 Nb7 50. Rf1 Qe7 51. Qb3 Nd6 52. Ne3 Rc5 53.
Rcf2 Kh8 54. Qd3 Rf8 55. Qe2 Rcc8 56. Ng4 Rxc4 57. Rf3 Rxe4 58. Qd2 Rd4 59. Qc1
Rxd5 60. Nxf6 Rc5 61. Qd2 Nc4 62. Qc1 Nd6 63. Qd2 Nc4 64. Qc1 Rcc8 65. Ne4 Rxf3
66. Rxf3 Nd6 67. Qe3 Nxe4 68. Qxe4 Rd8 69. a4 Qd6 70. Kh1 Qd4 71. Qc6 Qd6 72.
Qe4 Qd4 73. Qc6 Qd5 74. Qc7 e4 75. Re3 Re8 76. Qc3 Qd1+ 77. Kh2 Qd6+ 78. Rg3
Qe5 79. Qe3 Rd8 80. Qc3 Qxc3 81. Rxc3 Rd4 82. Ra3 a5 83. Kg1 Rb4 84. Kf2 Kg8
85. Ke3 Kf7 86. Kf4 Ke6 87. Ra1 Kd5 88. Kf5 e3 89. Rd1+ Kc4 90. Ke4 e2 91. Rc1+
Kb3+ 92. Kd3 Kxa4 93. Kxe2 Re4+ 94. Kd3 Re7 0-1

[Event "Maringa op 3rd"]
[Site "Maringa"]
[Date "2013.07.24"]
[Round "1"]
[White "Mekhitarian, Krikor Sevag"]
[Black "Ishikawa, Juliana Harumi M"]
[Result "1-0"]
[WhiteElo "2521"]
[BlackElo "1534"]
[PlyCount "93"]
[EventDate "2013.07.24"]
[EventType "swiss"]
[EventRounds "8"]
[EventCountry "BRA"]
[SourceTitle "CBM 155 Extra"]
[Source "ChessBase"]
[SourceDate "2013.08.26"]
[SourceVersion "1"]
[SourceVersionDate "2013.08.26"]
[SourceQuality "1"]

1. e4 c5 2. Nf3 d6 3. d4 cxd4 4. Nxd4 Nf6 5. Nc3 g6 6. Be3 Bg7 7. f3 O-O 8. Qd2
Nc6 9. O-O-O Bd7 10. g4 Rc8 11. h4 Qa5 12. Nb3 Qc7 13. h5 Ne5 14. Be2 Nc4 15.
Bxc4 Qxc4 16. Bh6 Be6 17. hxg6 fxg6 18. Bxg7 Kxg7 19. Qh6+ Kf7 20. g5 Nd7 21.
Qxh7+ Ke8 22. Qxg6+ Bf7 23. Qg7 Rg8 24. Rh8 Nf8 25. Rxg8 Bxg8 26. Na5 Qf7 27.
Qxf7+ Bxf7 28. Nxb7 Ng6 29. Nb5 Rb8 30. N7xd6+ exd6 31. Nxd6+ Ke7 32. Nxf7 Kxf7
33. Rd7+ Ke6 34. Rxa7 Rd8 35. Ra6+ Kf7 36. a4 Rd4 37. a5 Ra4 38. b3 Ra1+ 39.
Kb2 Rf1 40. Rf6+ Kg7 41. a6 Rd1 42. f4 Rd4 43. f5 Ne5 44. Re6 Nf7 45. Rg6+ Kf8
46. a7 Rd8 47. Rb6 1-0

[Event "Maringa op 3rd"]
[Site "Maringa"]
[Date "2013.07.25"]
[Round "2"]
[White "Aguiar, Djalma"]
[Black "Mekhitarian, Krikor Sevag"]
[Result "0-1"]
[WhiteElo "1968"]
[BlackElo "2521"]
[PlyCount "59"]
[EventDate "2013.07.24"]
[EventType "swiss"]
[EventRounds "8"]
[EventCountry "BRA"]
[SourceTitle "CBM 155 Extra"]
[Source "ChessBase"]
[SourceDate "2013.08.26"]
[SourceVersion "1"]
[SourceVersionDate "2013.08.26"]
[SourceQuality "1"]

1. e4 c5 2. Nf3 d6 3. d4 cxd4 4. Nxd4 Nf6 5. Nc3 a6 6. Bg5 Nbd7 7. Qe2 Qa5 8.
f4 e5 9. Nb3 Qc7 10. O-O-O Be7 11. g4 h6 12. Bxf6 Nxf6 13. f5 b5 14. a3 Bb7 15.
h4 Rc8 16. Rh2 Qb6 17. Bg2 h5 18. gxh5 Nxh5 19. Bf3 Nf4 20. Qe1 a5 21. Qg1 Qxg1
22. Rxg1 b4 23. axb4 axb4 24. Nd5 Bxd5 25. exd5 Rxh4 26. Rxh4 Bxh4 27. Rxg7 Ke7
28. Nd2 Bf6 29. Rg4 Rc5 30. Nb3 0-1

[Event "Maringa op 3rd"]
[Site "Maringa"]
[Date "2013.07.25"]
[Round "3"]
[White "Mekhitarian, Krikor Sevag"]
[Black "Goncalves, Jorge Roberto"]
[Result "1-0"]
[WhiteElo "2521"]
[BlackElo "2068"]
[PlyCount "41"]
[EventDate "2013.07.24"]
[EventType "swiss"]
[EventRounds "8"]
[EventCountry "BRA"]
[SourceTitle "CBM 155 Extra"]
[Source "ChessBase"]
[SourceDate "2013.08.26"]
[SourceVersion "1"]
[SourceVersionDate "2013.08.26"]
[SourceQuality "1"]

1. e4 g6 2. d4 Bg7 3. Nc3 c6 4. f4 Qb6 5. Nf3 d5 6. e5 Bg4 7. Be2 h5 8. b3 Nh6
9. Be3 Nf5 10. Bf2 Bh6 11. Qd2 Qa5 12. g3 Na6 13. a3 f6 14. O-O Bxf3 15. Bxf3
fxe5 16. dxe5 e6 17. Rfd1 Rg8 18. Nxd5 Qxd2 19. Nf6+ Kf7 20. Rxd2 Rgd8 21. Rad1
1-0

[Event "Maringa op 3rd"]
[Site "Maringa"]
[Date "2013.07.26"]
[Round "5"]
[White "Mekhitarian, Krikor Sevag"]
[Black "Quintiliano Pinto, Renato Rodrigues"]
[Result "1/2-1/2"]
[WhiteElo "2521"]
[BlackElo "2308"]
[PlyCount "66"]
[EventDate "2013.07.24"]
[EventType "swiss"]
[EventRounds "8"]
[EventCountry "BRA"]
[SourceTitle "CBM 155 Extra"]
[Source "ChessBase"]
[SourceDate "2013.08.26"]
[SourceVersion "1"]
[SourceVersionDate "2013.08.26"]
[SourceQuality "1"]

1. e4 c5 2. Nf3 d6 3. d4 cxd4 4. Nxd4 Nf6 5. Nc3 g6 6. Be3 Bg7 7. f3 O-O 8. Qd2
Nc6 9. Bc4 Bd7 10. O-O-O Rb8 11. Kb1 Nxd4 12. Bxd4 b5 13. Bf1 b4 14. Nd5 Nxd5
15. Bxg7 Kxg7 16. exd5 Qa5 17. h4 Rfc8 18. g4 h6 19. h5 g5 20. Qd4+ Kg8 21. Bd3
Bb5 22. Rhe1 Bxd3 23. Qxd3 Rc7 24. f4 Rb6 25. Re6 Ra6 26. a3 Rc3 27. Qf5 Rxa3
28. bxa3 Qxa3 29. Rg6+ fxg6 30. Qxg6+ Kf8 31. Qf5+ Ke8 32. Qc8+ Kf7 33. Qf5+
Ke8 1/2-1/2

[Event "Maringa op 3rd"]
[Site "Maringa"]
[Date "2013.07.27"]
[Round "6"]
[White "Bachmann, Axel"]
[Black "Mekhitarian, Krikor Sevag"]
[Result "1/2-1/2"]
[WhiteElo "2536"]
[BlackElo "2521"]
[PlyCount "54"]
[EventDate "2013.07.24"]
[EventType "swiss"]
[EventRounds "8"]
[EventCountry "BRA"]
[SourceTitle "CBM 155 Extra"]
[Source "ChessBase"]
[SourceDate "2013.08.26"]
[SourceVersion "1"]
[SourceVersionDate "2013.08.26"]
[SourceQuality "1"]

1. c4 g6 2. Nc3 Bg7 3. d4 Nf6 4. e4 d6 5. Nf3 O-O 6. h3 e5 7. d5 Nh5 8. g3 a5
9. Be2 Na6 10. a3 Nc5 11. Be3 Bd7 12. Nd2 Nf6 13. b4 axb4 14. axb4 Na6 15. Qb3
c5 16. dxc6 bxc6 17. c5 Bc8 18. cxd6 Nc5 19. Qb1 Rxa1 20. Qxa1 Nb7 21. Nc4 Be6
22. Qa7 Nxd6 23. Bb6 Nc8 24. Bxd8 Nxa7 25. Be7 Ra8 26. Nb6 Rb8 27. Bc5 Nc8
1/2-1/2

[Event "Maringa op 3rd"]
[Site "Maringa"]
[Date "2013.07.27"]
[Round "7"]
[White "Mekhitarian, Krikor Sevag"]
[Black "Utiyama, Marcel Heimar Ribei"]
[Result "1-0"]
[WhiteElo "2521"]
[BlackElo "2185"]
[PlyCount "111"]
[EventDate "2013.07.24"]
[EventType "swiss"]
[EventRounds "8"]
[EventCountry "BRA"]
[SourceTitle "CBM 155 Extra"]
[Source "ChessBase"]
[SourceDate "2013.08.26"]
[SourceVersion "1"]
[SourceVersionDate "2013.08.26"]
[SourceQuality "1"]

1. e4 c5 2. Nf3 g6 3. d4 cxd4 4. Nxd4 Bg7 5. Nc3 Nc6 6. Be3 Nf6 7. Bc4 Qa5 8.
O-O O-O 9. Bb3 d6 10. h3 Bd7 11. Nf3 Rac8 12. Re1 a6 13. Qe2 Ne5 14. Bd2 Nxf3+
15. Qxf3 Bc6 16. Rad1 Qc7 17. Nd5 Bxd5 18. exd5 Rfe8 19. Bc3 b5 20. Re2 Nd7 21.
Bxg7 Kxg7 22. Rd4 Nf6 23. a4 Qa7 24. Rf4 Qd7 25. axb5 axb5 26. Qe3 h6 27. Rh4
Ng8 28. c3 Rc5 29. Rf4 h5 30. Qd4+ Nf6 31. Re3 Rxd5 32. Bxd5 e5 33. Rxf6 exd4
34. Ref3 Qd8 35. Rxf7+ Kh6 36. R7f6 Re5 37. Bf7 Rg5 38. cxd4 Kg7 39. R6f4 Qc7
40. Be6 Qc1+ 41. Kh2 h4 42. Rxh4 Rh5 43. Rg4 Qxb2 44. Bf5 Rh6 45. Rfg3 b4 46.
Bxg6 Kf6 47. Rf4+ Ke6 48. Bf7+ Kd7 49. Bd5 Rh7 50. Re3 Qd2 51. g3 Qd1 52. h4
Kc7 53. Bb3 Qd2 54. d5 Kb8 55. Rfe4 Rb7 56. Kg2 1-0

[Event "Maringa op 3rd"]
[Site "Maringa"]
[Date "2013.07.28"]
[Round "8"]
[White "Fernandez, Daniel Howard"]
[Black "Mekhitarian, Krikor Sevag"]
[Result "1/2-1/2"]
[WhiteElo "2398"]
[BlackElo "2521"]
[PlyCount "64"]
[EventDate "2013.07.24"]
[EventType "swiss"]
[EventRounds "8"]
[EventCountry "BRA"]
[SourceTitle "CBM 155 Extra"]
[Source "ChessBase"]
[SourceDate "2013.08.26"]
[SourceVersion "1"]
[SourceVersionDate "2013.08.26"]
[SourceQuality "1"]

1. d4 Nf6 2. c4 e6 3. g3 d5 4. Nf3 dxc4 5. Bg2 Bb4+ 6. Bd2 a5 7. O-O Nc6 8. e3
O-O 9. Qe2 Bd6 10. Qxc4 e5 11. dxe5 Nxe5 12. Nxe5 Bxe5 13. Bc3 Qe7 14. Bxe5
Qxe5 15. Qc3 Qe7 16. Nd2 c6 17. Nc4 Qc5 18. Rac1 Be6 19. a3 Rfd8 20. b4 axb4
21. axb4 Qb5 22. Na3 Qh5 23. Nc2 Bh3 24. Nd4 Bxg2 25. Kxg2 Ne4 26. Qd3 Qd5 27.
f3 Nf6 28. Rc5 Qa2+ 29. Rf2 Qa3 30. Qxa3 Rxa3 31. b5 Rxe3 32. bxc6 bxc6 1/2-1/2

[Event "Ribeira Valley op 9th"]
[Site "Registro"]
[Date "2013.07.30"]
[Round "1"]
[White "Mekhitarian, Krikor Sevag"]
[Black "Montufar Berrios, Lesly Viviane"]
[Result "1-0"]
[WhiteElo "2533"]
[BlackElo "1776"]
[PlyCount "63"]
[EventDate "2013.07.30"]
[EventType "swiss"]
[EventRounds "9"]
[EventCountry "BRA"]
[SourceTitle "CBM 155 Extra"]
[Source "ChessBase"]
[SourceDate "2013.08.26"]
[SourceVersion "1"]
[SourceVersionDate "2013.08.26"]
[SourceQuality "1"]

1. e4 c5 2. Nf3 d6 3. d4 cxd4 4. Nxd4 Nf6 5. Nc3 a6 6. Be3 Nc6 7. f3 e6 8. Qd2
Be7 9. g4 Qc7 10. g5 Nd7 11. O-O-O b5 12. Kb1 Bb7 13. h4 Nce5 14. a3 Nc4 15.
Bxc4 bxc4 16. h5 Rb8 17. g6 O-O 18. h6 fxg6 19. Nxe6 Qa5 20. Nxf8 Bxf8 21. hxg7
Bxg7 22. Qxd6 Bc6 23. Qe6+ Kf8 24. Qd6+ Kg8 25. Bd4 Bxd4 26. Qxd4 Qxa3 27.
Qxc4+ Kg7 28. Rxh7+ Kxh7 29. Qf7+ Kh6 30. Rh1+ Kg5 31. Rg1+ Kh5 32. Qh7# 1-0

[Event "Ribeira Valley op 9th"]
[Site "Registro"]
[Date "2013.07.30"]
[Round "2"]
[White "Hirota da Silva, Nilton Jose"]
[Black "Mekhitarian, Krikor Sevag"]
[Result "0-1"]
[WhiteElo "2064"]
[BlackElo "2533"]
[PlyCount "56"]
[EventDate "2013.07.30"]
[EventType "swiss"]
[EventRounds "9"]
[EventCountry "BRA"]
[SourceTitle "CBM 155 Extra"]
[Source "ChessBase"]
[SourceDate "2013.08.26"]
[SourceVersion "1"]
[SourceVersionDate "2013.08.26"]
[SourceQuality "1"]

1. c4 c5 2. Nf3 Nc6 3. Nc3 g6 4. d4 cxd4 5. Nxd4 Bg7 6. Nxc6 bxc6 7. e4 Nf6 8.
Be2 O-O 9. O-O d6 10. Be3 Nd7 11. Qd2 a5 12. Rad1 Qc7 13. b3 Qb8 14. Na4 c5 15.
Bh6 Ne5 16. Bxg7 Kxg7 17. Qc3 Kg8 18. f4 Nc6 19. Bf3 Nd4 20. g4 Bd7 21. f5 Bxa4
22. bxa4 Qb4 23. Qc1 Rab8 24. e5 dxe5 25. Qh6 Qxc4 26. Qg5 Rb2 27. fxg6 Nxf3+
28. Rxf3 Qe2 0-1

[Event "Ribeira Valley op 9th"]
[Site "Registro"]
[Date "2013.07.31"]
[Round "3"]
[White "Mekhitarian, Krikor Sevag"]
[Black "Languidey, Simon Alejandro"]
[Result "1-0"]
[WhiteElo "2533"]
[BlackElo "2279"]
[PlyCount "33"]
[EventDate "2013.07.30"]
[EventType "swiss"]
[EventRounds "9"]
[EventCountry "BRA"]
[SourceTitle "CBM 155 Extra"]
[Source "ChessBase"]
[SourceDate "2013.08.26"]
[SourceVersion "1"]
[SourceVersionDate "2013.08.26"]
[SourceQuality "1"]

1. e4 e6 2. d4 d5 3. Nd2 c5 4. Ngf3 cxd4 5. Nxd4 Nc6 6. Bb5 Bd7 7. Nxc6 Bxc6 8.
Bxc6+ bxc6 9. c4 Qa5 10. Qb3 Bb4 11. a3 Rb8 12. Qg3 Rd8 13. Qxg7 Ke7 14. axb4
Qxa1 15. Nb3 Qa2 16. Bg5+ Ke8 17. O-O 1-0

[Event "Ribeira Valley op 9th"]
[Site "Registro"]
[Date "2013.07.31"]
[Round "4"]
[White "Egoroff, Jomar"]
[Black "Mekhitarian, Krikor Sevag"]
[Result "0-1"]
[WhiteElo "2291"]
[BlackElo "2533"]
[PlyCount "82"]
[EventDate "2013.07.30"]
[EventType "swiss"]
[EventRounds "9"]
[EventCountry "BRA"]
[SourceTitle "CBM 155 Extra"]
[Source "ChessBase"]
[SourceDate "2013.08.26"]
[SourceVersion "1"]
[SourceVersionDate "2013.08.26"]
[SourceQuality "1"]

1. e4 c5 2. Nf3 d6 3. d4 cxd4 4. Nxd4 Nf6 5. Nc3 a6 6. Bg5 Nbd7 7. f4 Qa5 8.
Qf3 h6 9. Bxf6 Nxf6 10. h3 e5 11. Nb3 Qc7 12. O-O-O Be7 13. f5 b5 14. a3 Bb7
15. Kb1 Rc8 16. Rd2 Qb6 17. Bd3 Rxc3 18. bxc3 O-O 19. Re1 Rc8 20. Bf1 Rc4 21.
Bxc4 bxc4 22. Kb2 cxb3 23. cxb3 Qc6 24. Rde2 a5 25. a4 Nd7 26. c4 Bd8 27. Ka2
Nc5 28. Qc3 Qb6 29. g3 Qc7 30. h4 Qe7 31. Qd2 Bc6 32. Re3 Bb6 33. R3e2 Na6 34.
Rf1 Nb4+ 35. Kb1 Qb7 36. Rfe1 Bd4 37. Kc1 Na6 38. Qxa5 Nc5 39. Qd8+ Kh7 40. Re3
Nxb3+ 41. Kd1 Qb4 0-1

[Event "Ribeira Valley op 9th"]
[Site "Registro"]
[Date "2013.08.02"]
[Round "7"]
[White "Disconzi da Silva, Rodrigo"]
[Black "Mekhitarian, Krikor Sevag"]
[Result "0-1"]
[WhiteElo "2382"]
[BlackElo "2533"]
[PlyCount "140"]
[EventDate "2013.07.30"]
[EventType "swiss"]
[EventRounds "9"]
[EventCountry "BRA"]
[SourceTitle "CBM 155 Extra"]
[Source "ChessBase"]
[SourceDate "2013.08.26"]
[SourceVersion "1"]
[SourceVersionDate "2013.08.26"]
[SourceQuality "1"]

1. d4 Nf6 2. Nf3 e6 3. Bg5 h6 4. Bh4 d6 5. c3 g5 6. Bg3 Nh5 7. e4 Bg7 8. Nbd2
Nd7 9. Nc4 b6 10. Nfd2 Nxg3 11. hxg3 Bb7 12. Bd3 Qe7 13. Qe2 O-O-O 14. O-O-O
Kb8 15. Ne3 Rhe8 16. Ba6 Ba8 17. Qb5 Nf6 18. f3 c6 19. Qb3 Qc7 20. Kb1 Rh8 21.
a4 h5 22. Rhe1 h4 23. gxh4 Rxh4 24. a5 Nd7 25. Ndc4 d5 26. exd5 cxd5 27. Na3
Bb7 28. Nb5 Qc6 29. Bxb7 Kxb7 30. a6+ Kb8 31. c4 dxc4 32. Nxc4 Qd5 33. Nc3 Qf5+
34. Ne4 Qd5 35. Nc3 Qf5+ 36. Re4 Bf8 37. g4 Qxf3 38. Qb5 Qg3 39. Qxg5 Rc8 40.
Ne3 Rh2 41. Qb5 Qc7 42. Rc1 Nf6 43. Na2 Rh1 44. Rxh1 Nxe4 45. Rc1 Nd2+ 46. Ka1
Qd7 47. Rxc8+ Qxc8 48. Qd3 Nf3 49. Nc3 Qd7 50. Nc2 Ng5 51. Qe3 Be7 52. Qe5+ Qc7
53. Qh8+ Qc8 54. Qe5+ Qc7 55. Qb5 Qc8 56. d5 f6 57. Nd4 Bc5 58. Nc6+ Ka8 59.
Nd8 Bd4 60. Ne2 Bc5 61. Nc3 exd5 62. Nxd5 Ne4 63. Qe8 Qxa6+ 64. Kb1 Qd3+ 65.
Ka2 Qxd5+ 66. Ka1 Qd1+ 67. Ka2 Nc3+ 68. bxc3 Qc2+ 69. Ka1 Qxc3+ 70. Kb1 Qb3+
0-1

[Event "Ribeira Valley op 9th"]
[Site "Registro"]
[Date "2013.08.03"]
[Round "9"]
[White "Mareco, Sandro"]
[Black "Mekhitarian, Krikor Sevag"]
[Result "1/2-1/2"]
[WhiteElo "2561"]
[BlackElo "2533"]
[PlyCount "97"]
[EventDate "2013.07.30"]
[EventType "swiss"]
[EventRounds "9"]
[EventCountry "BRA"]
[SourceTitle "CBM 155 Extra"]
[Source "ChessBase"]
[SourceDate "2013.08.26"]
[SourceVersion "1"]
[SourceVersionDate "2013.08.26"]
[SourceQuality "1"]

1. d4 Nf6 2. c4 e6 3. Nf3 d5 4. Nc3 c5 5. cxd5 Nxd5 6. e3 cxd4 7. exd4 Be7 8.
Bd3 O-O 9. O-O Nc6 10. Re1 Bf6 11. Be4 Nce7 12. h4 Bd7 13. Qd3 g6 14. Bh6 Re8
15. Bg5 Bc6 16. Rad1 Rc8 17. Ne5 Nf5 18. Bxd5 Bxd5 19. Bxf6 Qxf6 20. Nxd5 exd5
21. g3 Qb6 22. Re2 Re7 23. Nf3 Rce8 24. Rde1 Rxe2 25. Rxe2 Rxe2 26. Qxe2 Qf6
27. Qe5 Qxe5 28. dxe5 h5 29. Ne1 Nd4 30. f3 f6 31. exf6 Kf7 32. Kf2 Kxf6 33.
Nd3 Nf5 34. Nf4 d4 35. b4 a6 36. a3 Ne7 37. Nd3 b6 38. g4 Nd5 39. Kg3 Ne3 40.
Kf4 Ng2+ 41. Kg3 Ne3 42. Nf4 Nc2 43. gxh5 gxh5 44. Nxh5+ Kf7 45. Nf4 Nxa3 46.
Nd3 a5 47. bxa5 bxa5 48. Kf4 Nc4 49. Ke4 1/2-1/2

[Event "Mogi das Cruzes op 09"]
[Site "Mogi das Cruzes"]
[Date "2013.09.26"]
[Round "1"]
[White "Fernandes de Sousa, Julio Cesar"]
[Black "Mekhitarian, Krikor Sevag"]
[Result "0-1"]
[WhiteElo "2015"]
[BlackElo "2548"]
[PlyCount "52"]
[EventDate "2013.09.26"]
[EventType "swiss"]
[EventRounds "7"]
[EventCountry "BRA"]
[SourceTitle "CBM 156 Extra"]
[Source "ChessBase"]
[SourceDate "2013.10.22"]
[SourceVersion "1"]
[SourceVersionDate "2013.10.22"]
[SourceQuality "1"]

1. e4 c5 2. Nc3 Nc6 3. Bb5 Nd4 4. Bc4 e6 5. Nf3 a6 6. Nxd4 cxd4 7. Ne2 Bc5 8.
d3 Nf6 9. O-O d5 10. exd5 Nxd5 11. Ng3 O-O 12. Qf3 Nb4 13. Bb3 Kh8 14. Re1 Nc6
15. Nh5 Bd6 16. Re4 f5 17. Re2 e5 18. Qg3 Qc7 19. f4 e4 20. dxe4 fxe4 21. Rxe4
Bf5 22. Qf3 Bxe4 23. Qxe4 Rae8 24. Qd3 g6 25. Ng3 Re1+ 26. Kf2 Rxc1 0-1

[Event "Mogi das Cruzes op 09"]
[Site "Mogi das Cruzes"]
[Date "2013.09.27"]
[Round "2"]
[White "Mekhitarian, Krikor Sevag"]
[Black "Terao, Juliana Sayumi"]
[Result "1-0"]
[WhiteElo "2548"]
[BlackElo "2148"]
[PlyCount "119"]
[EventDate "2013.09.26"]
[EventType "swiss"]
[EventRounds "7"]
[EventCountry "BRA"]
[SourceTitle "CBM 156 Extra"]
[Source "ChessBase"]
[SourceDate "2013.10.22"]
[SourceVersion "1"]
[SourceVersionDate "2013.10.22"]
[SourceQuality "1"]

1. e4 c5 2. Nf3 e6 3. d4 cxd4 4. Nxd4 a6 5. Bd3 Qc7 6. O-O Nf6 7. Nc3 d6 8. f4
b5 9. Kh1 Bb7 10. Qe2 Nbd7 11. Bd2 Be7 12. b4 O-O 13. a4 bxa4 14. Rxa4 Rfc8 15.
Raa1 g6 16. Na4 Bf8 17. Nb3 d5 18. e5 Ne4 19. Na5 Nxd2 20. Qxd2 Bc6 21. Rfb1
Bxa4 22. Rxa4 Qb6 23. c3 Qc7 24. Ra3 Nb6 25. Qe2 Qa7 26. g3 h5 27. Kg2 Kg7 28.
Kh3 Be7 29. Kg2 Bf8 30. Qf2 Be7 31. Qd4 Nd7 32. Qxa7 Rxa7 33. Kf3 Bd8 34. Rbb3
f6 35. exf6+ Bxf6 36. c4 dxc4 37. Nxc4 Be7 38. Na5 Nb6 39. Be4 Nd5 40. Ra4 Rc3+
41. Rxc3 Nxc3 42. Ra1 Nxe4 43. Kxe4 Bxb4 44. Nc6 Rb7 45. Rxa6 Kf6 46. Nd4 Re7
47. Rc6 Be1 48. Nf3 Bb4 49. Ng5 Ba5 50. h3 Bb4 51. g4 Ba3 52. Nf3 hxg4 53. hxg4
Bb2 54. Ng5 Ba3 55. Rb6 Bc5 56. Ra6 Bb4 57. Kf3 Re8 58. Rb6 Ba5 59. Rb7 e5 60.
Rf7# 1-0

[Event "Mogi das Cruzes op 09"]
[Site "Mogi das Cruzes"]
[Date "2013.09.28"]
[Round "4"]
[White "Mekhitarian, Krikor Sevag"]
[Black "Sztokbant, Bernardo Vainzoff"]
[Result "1-0"]
[WhiteElo "2548"]
[BlackElo "2230"]
[PlyCount "113"]
[EventDate "2013.09.26"]
[EventType "swiss"]
[EventRounds "7"]
[EventCountry "BRA"]
[SourceTitle "CBM 156 Extra"]
[Source "ChessBase"]
[SourceDate "2013.10.22"]
[SourceVersion "1"]
[SourceVersionDate "2013.10.22"]
[SourceQuality "1"]

1. d4 d5 2. c4 e6 3. Nf3 Nf6 4. g3 Be7 5. Bg2 O-O 6. O-O dxc4 7. Qc2 a6 8. a4
Bd7 9. Rd1 Bc6 10. Nc3 Bb4 11. Bg5 Nbd7 12. d5 exd5 13. Nxd5 Be7 14. Nxf6+ Bxf6
15. Ne5 Bxg5 16. Bxc6 bxc6 17. Nxd7 Re8 18. Nb6 cxb6 19. Rxd8 Rexd8 20. Qxc4 c5
21. a5 bxa5 22. Rxa5 Be7 23. Rxa6 Rxa6 24. Qxa6 Bf8 25. b3 Re8 26. Kg2 Re6 27.
Qc4 Rb6 28. e3 Rb4 29. Qd5 Rb6 30. h4 Re6 31. h5 Rb6 32. Kf3 Rf6+ 33. Ke2 Rb6
34. f4 Ra6 35. Kf3 Rb6 36. Kg4 Rf6 37. Qb7 Re6 38. e4 Re7 39. Qd5 Re6 40. e5
Rb6 41. Kf3 Ra6 42. Qb7 Re6 43. Ke4 Re8 44. Qc7 Re6 45. f5 Re8 46. Kd5 g6 47.
hxg6 hxg6 48. fxg6 fxg6 49. e6 Be7 50. Kc6 g5 51. Kd7 Kf8 52. Qe5 Rd8+ 53. Kc7
Kg8 54. Qf5 Rf8 55. Qg6+ Kh8 56. Kd7 Bf6 57. e7 1-0